Broadband communications, II : proceedings of the IFIP TC6 Second International Conference on Broadband Communications, Paris, France, 2-4 March, 1994 (Record no. 36172)

MARC details
000 -LEADER
fixed length control field 01413nam a2200313 a 4500
001 - CONTROL NUMBER
control field 1597248
008 - FIXED-LENGTH DATA ELEMENTS--GENERAL INFORMATION
fixed length control field 181016s1994 ||||||||||||||||| || u
010 ## - LIBRARY OF CONGRESS CONTROL NUMBER
LC control number 94024484
020 ## - INTERNATIONAL STANDARD BOOK NUMBER
International Standard Book Number 0444818340
050 ## - LIBRARY OF CONGRESS CALL NUMBER
Classification number TK 5103.4 Ifi
100 ## - MAIN ENTRY--PERSONAL NAME
Personal name Tohme, Samir
245 10 - TITLE STATEMENT
Title Broadband communications, II : proceedings of the IFIP TC6 Second International Conference on Broadband Communications, Paris, France, 2-4 March, 1994
Statement of responsibility, etc. edited by Samir Tohmé; Augusto Casaca
246 ## - VARYING FORM OF TITLE
Title proper/short title Broadband communications 2.
246 ## - VARYING FORM OF TITLE
Title proper/short title Broadband communications two.
260 ## - PUBLICATION, DISTRIBUTION, ETC.
Place of publication, distribution, etc. Amsterdam:
Name of publisher, distributor, etc. Elsevier
Date of publication, distribution, etc. 1994
300 ## - PHYSICAL DESCRIPTION
Extent xiv, 412 pages : illustrations
350 ## - PRICE (NR) (BK AM CF MU VM SE) [OBSOLETE]
Price 147.23
490 ## - SERIES STATEMENT
Series statement IFIP transactions
490 ## - SERIES STATEMENT
Volume/sequential designation C, Communication systems, C-23
500 ## - GENERAL NOTE
General note Includes bibliographical references
650 #0 - SUBJECT ADDED ENTRY--TOPICAL TERM
Topical term or geographic name entry element BROADBAND COMMUNICATION SYSTEMS - CONGRESSES
650 #0 - SUBJECT ADDED ENTRY--TOPICAL TERM
Topical term or geographic name entry element COMPUTER NETWORK ARCHITECTURES - CONGRESSES
650 #0 - SUBJECT ADDED ENTRY--TOPICAL TERM
Topical term or geographic name entry element ASYNCHRONOUS TRANSFER MODE - CONGRESSES
650 #0 - SUBJECT ADDED ENTRY--TOPICAL TERM
Topical term or geographic name entry element INTEGRATED SERVICES DIGITAL NETWORKS - CONGRESSES
700 ## - ADDED ENTRY--PERSONAL NAME
Personal name Casaca, Augusto
710 ## - ADDED ENTRY--CORPORATE NAME
Corporate name or jurisdiction name as entry element IFIP TC6 International Conference on Broadband Communications (2nd : 1994 : Paris, France)
856 ## - ELECTRONIC LOCATION AND ACCESS
Uniform Resource Identifier <a href="http://www.loc.gov/catdir/enhancements/fy0601/94024484-d.html">http://www.loc.gov/catdir/enhancements/fy0601/94024484-d.html</a>
995 ## - RECOMMENDATION 995 [LOCAL, UNIMARC FRANCE]
-- CBU-MAIN LIBRARY (Kitwe)
-- 147.23
-- 1
-- AVAILABLE
-- Oct 16, 2018
-- Main Library Open Access Collection
Holdings
Withdrawn status Lost status Source of classification or shelving scheme Damaged status Not for loan Home library Current library Shelving location Date acquired Total Checkouts Full call number Barcode Date last seen Price effective from Koha item type
          CBU-MAIN LIBRARY, KITWE. CBU-MAIN LIBRARY, KITWE.   11/30/2022   TK 5103.4 Ifi 748532 11/30/2022 11/30/2022 MONOGRAPH